000 01186nam a22002657a 4500
005 20240305165528.0
007 cr|||| ||||
008 190815s2018 pe |||||s|||| 00||0 spa d
020 _a978-612-325-047-8
035 _a24076
040 _avLex
090 _c9207
_d9207
100 1 _aPando Vilchez, Jorge
245 1 2 _aEl derecho administrativo como instrumento al servicio del ciudadano
_h[Recurso electrónico] /
_cJorge Pando Vilchez, Erick Vargas, Giancarlo Vignolo Cueva
256 _aServicio en línea
260 _aLima:
_bPalestra Editores,
_c2018
300 _a1 recurso electrónico
506 1 _aDisponible solo en los productos indicados
_dvLex Global
_dvLex Global (Academic Edition, excluding Law Schools)
_dvLex Global (U.S. Academic Edition, Law Schools)
_dvLex Global (U.S. Academic Edition, excluding Law Schools)
_dvLex Global (Academic Edition, Law Schools)
650 0 4 _aDerecho Público y Administrativo
_zPerú
700 1 _aVargas, Erick
700 1 _aVignolo Cueva, Giancarlo
740 0 _avLex Libros (Servicio en línea)
856 4 0 _uhttps://app.vlex.com/#/sources/derecho-administrativo-instrumento-servicio-ciudadano-24076
942 _cRAA
999 _c167444
_d167444